Elenca la formazione - Quiz n°156 - Statistics

Statistiche generali
  • Questo quiz è stato fatto 62 volte
  • Il punteggio medio è 10 su 11
Statistiche sulle risposte
Ruolo Nazione Calciatore % Corretto
Portiere Brasile Ederson
98%
Attaccante Norvegia Erling Haaland
98%
Trequartista Belgio Kevin De Bruyne
96%
Centrocampista Spagna Rodri
96%
Difensore Svizzera Manuel Akanji
95%
Difensore Portogallo Rúben Dias
95%
Trequartista Portogallo Bernardo Silva
93%
Trequartista Inghilterra Jack Grealish
86%
Trequartista Germania İlkay Gündoğan
84%
Difensore Paesi Bassi Nathan Aké
84%
Centrocampista Inghilterra John Stones
67%
Nessun quiz corrispondente trovato
Distribuzione punteggi
Percentuale di utenti per punteggio
Percentile per numero di risposta
I tuoi punteggi nel tempo
Non hai fatto questo quiz